Geoarchaeology in action : studies in soil micromorphology and landscape evolution
Αποθηκεύτηκε σε:
| Κύριος συγγραφέας: | |
|---|---|
| Μορφή: | Βιβλίο |
| Γλώσσα: | English |
| Δημοσίευση: |
London ; New York :
Routledge,
2003
|
| Θέματα: | |
| Ετικέτες: |
Προσθήκη ετικέτας
Δεν υπάρχουν, Καταχωρήστε ετικέτα πρώτοι!
|
MARC
| LEADER | 00000nam a2200000 i 4500 | ||
|---|---|---|---|
| 001 | 1/61748 | ||
| 008 | 071105s2003 eng d | ||
| 020 | |a 0-415-27310-2 | ||
| 035 | |l 10092071 | ||
| 040 | |a GR-MY-UA |b gre |e aacr | ||
| 041 | 0 | |a eng | |
| 082 | 0 | |a 930.1028 |2 (22) | |
| 100 | 1 | |a French, C. A. I. (Charles A. I.) | |
| 245 | 1 | 0 | |a Geoarchaeology in action : |b studies in soil micromorphology and landscape evolution / |c Charles French |
| 260 | |a London ; New York : |b Routledge, |c 2003 | ||
| 300 | |a xxi, 291 σ.; |c 24 εκ. | ||
| 504 | |a Περιλαμβάνει βιβλιογραφίες και ευρετήριο | ||
| 650 | 0 | 0 | |a Landscape changes. |
| 650 | 0 | 0 | |a Soil microbiology. |
| 650 | 0 | 0 | |a Soil formation. |
| 650 | 0 | 0 | |a Excavations (Archaeology) |
| 852 | |a INST |b RHODES |e 20071105 |h 930.1028 FRE |p 005400025208 |q 005400025208 |t BK |y 0 | ||
| 901 | |a BIBL4-2007-3 | ||
| 909 | |a Ρ |b 139477 | ||
| 922 | |a 4ΕΛΗ |b 200709 |c ΕΠΕΑΕΚ2/ΤΜΣ |d ΠΑΠΑΣΩΤΗΡΙΟΥ | ||
| 970 | |a ΜΙΣΣΟΣ |b ΣΤΑΥΡΟΣ |z 2007/11/05 | ||